| 000 | 01424nam2a2200289 4500 | ||
|---|---|---|---|
| 001 | RU\NLR\bibl\1792335 | ||
| 005 | 20260406125818.0 | ||
| 010 |
_a978-5-4224-0270-0 _bт. 9 |
||
| 021 |
_aRU _b2011-49227 _93504 |
||
| 035 | _a(NLR Aleph) 001783034 | ||
| 090 |
_a1709706 _c1709706 |
||
| 100 | _a20110727d2010 |||y0rusy50 ca | ||
| 101 | 1 |
_arus _cgeo |
|
| 102 | _aRU | ||
| 105 | _ay ||||||||| | ||
| 200 | 1 |
_aВитязь в тигровой шкуре _fШота Руставели _g[пер. с груз. К. Бальмонта _gвступ. ст. А. Бариновой _gприл., коммент. А. Бариновой, К. Бальмонта] |
|
| 210 |
_d2010 _aБ. м. |
||
| 215 | _a382, [1] с. | ||
| 461 | 0 |
_1001RU\NLR\bibl\1843281 _12001#$aБиблиотека героического эпоса$v[Т.] 9 _92175149 _cМосква _d2010 _f[сост.: Е. Кузнец и др. _nКнижный Клуб Книговек _oв 10 т. _tБиблиотека героического эпоса _y9785422402618 _v[Т.] 9 |
|
| 686 | _aШ6(2=Гр)4-5{Лх-груз.257.1} | ||
| 701 | 1 |
_4070 _8rus _7ca _aРуставели _bШ. _f12 в. _gШота _3RU\NLR\auth\7723214 _96268 |
|
| 702 | 1 |
_4730 _8rus _7ca _aБальмонт _bК. Д. _f1867-1942 _gКонстантин Дмитриевич _3RU\NLR\auth\771462 _9111487 |
|
| 801 | 0 |
_aRU _bNLR _c20110727 _gRCR |
|
| 801 | 1 |
_aRU _bNLR _c20110727 |
|
| 942 | _cBOOK | ||
| 980 | _aNB | ||